Statistics for Toronto Maple Leafs Jersey Numbers 2014-2015

Click here to take the quiz!

General Stats

  • This quiz has been taken 186 times
  • The average score is 26 of 31

Answer Stats

Hint Answer % Correct
Dion Phaneuf3
99%
Cody Franson4
98%
Tyler Bozak42
97%
Nazem Kadri43
95%
Phil Kessel81
95%
James Van Riemsdyk21
93%
Morgan Reilly44
93%
Joffrey Lupul19
92%
James Reimer34
92%
Jonathan Bernier45
90%
Jake Gardiner51
90%
Mike Santorelli25
89%
Leo Komarov47
88%
Roman Polak46
87%
Richard Panik18
86%
Peter Holland24
86%
Stephane Robidas12
85%
David Clarkson71
84%
Daniel Winnik26
82%
Josh Leivo32
82%
Matt Frattin39
82%
Antione Bibeau30
80%
Trevor Smith23
80%
Carter Ashton37
79%
David Booth20
79%
Korbinian Holzer55
74%
William Nylander62
74%
Stuart Percy50
70%
Jamie Devane59
66%
Sam Carrick53
66%
Brandon Kozun67
66%

Score Distribution

Percentile by Number Answered

Percent of People with Each Score

Your Score History

You have not taken this quiz